| 000 | 00659cam a2200169 a 4500 | ||
|---|---|---|---|
| 020 | _a9789995052188 | ||
| 040 | _cJNA | ||
| 082 | _a362 CAM 2007 A065 Or. | ||
| 245 | 0 | 0 |
_aMoving out of poverty? : _btrends in community well-being and household mobility in nine Cambodian villages / |
| 260 |
_aPhnom Penh, Cambodia : _bCambodia's Leading Independent Development Policy Research Institute, _cc2007. |
||
| 300 |
_a331 p. : _bill., col. map ; _c30 cm. |
||
| 500 | _a"September 2007." | ||
| 650 | 0 | _aPoverty | |
| 700 | 1 | _aFitzGerald, Ingrid. | |
| 710 | 2 | _aVidyāsthān Paṇṭuḥ Paṇṭāl niṅ Srāvjrāv ṭoempī Qabhivaḍḍhn ̊Kambujā. | |
| 942 | _cEK | ||
| 999 |
_c14222 _d14222 |
||